Общая характеристика методов ориентирования отклонителей; Проблемы геологии и освоения недр; Т. 2

Detalles Bibliográficos
Parent link:Проблемы геологии и освоения недр: труды XVII Международного симпозиума имени академика М. А. Усова студентов и молодых ученых, Томск, 1-5 апреля 2013 г./ Национальный исследовательский Томский политехнический университет (ТПУ), Институт природных ресурсов (ИПР) ; Общество инженеров-нефтяников, Студенческий чаптер ; под ред. А. Ю. Дмитриева.— , 2013
Т. 2.— 2013.— [С. 246-249]
Autor Principal: Фам Минь Кыонг
Autor Corporativo: Национальный исследовательский Томский политехнический университет (ТПУ) Институт природных ресурсов (ИПР) Кафедра бурения скважин (БС)
Outros autores: Бубнов А. С. Артем Сергеевич (научный руководитель)
Summary:Заглавие с экрана
Idioma:ruso
Publicado: 2013
Series:Бурение нефтяных и газовых скважин
Subjects:
Acceso en liña:http://www.lib.tpu.ru/fulltext/c/2013/C11/V2/110.pdf
Formato: Electrónico Capítulo de libro
KOHA link:https://koha.lib.tpu.ru/cgi-bin/koha/opac-detail.pl?biblionumber=605095

MARC

LEADER 00000naa2a2200000 4500
001 605095
005 20260220163318.0
035 |a (RuTPU)RU\TPU\conf\2380 
035 |a RU\TPU\conf\2378 
090 |a 605095 
100 |a 20140401d2013 k y0rusy50 ca 
101 0 |a rus 
102 |a RU 
135 |a arnn ---uucaa 
181 0 |a i  
182 0 |a b 
200 1 |a Общая характеристика методов ориентирования отклонителей  |f Фам Минь Кыонг  |g науч. рук. А. С. Бубнов 
203 |a Текст  |c электронный 
225 1 |a Бурение нефтяных и газовых скважин 
300 |a Заглавие с экрана 
320 |a [Библиогр.: с. 249 (4 назв.)] 
337 |a Adobe Reader 
461 1 |0 (RuTPU)RU\TPU\conf\37  |t Проблемы геологии и освоения недр  |o труды XVII Международного симпозиума имени академика М. А. Усова студентов и молодых ученых, Томск, 1-5 апреля 2013 г.  |o в 2 т.  |f Национальный исследовательский Томский политехнический университет (ТПУ), Институт природных ресурсов (ИПР) ; Общество инженеров-нефтяников, Студенческий чаптер ; под ред. А. Ю. Дмитриева  |d 2013 
463 1 |0 (RuTPU)RU\TPU\conf\39  |t Т. 2  |v [С. 246-249]  |d 2013 
610 1 |a труды учёных ТПУ 
610 1 |a электронный ресурс 
610 1 |a характеристики 
610 1 |a ориентирование отклонителей 
610 1 |a отклонители 
610 1 |a скважины 
700 0 |a Фам Минь Кыонг 
702 1 |a Бубнов  |b А. С.  |c специалист в области нефтепромыслового оборудования  |c заведующий лабораторией Томского политехнического университета  |f 1979-  |g Артем Сергеевич  |4 727 
712 0 2 |a Национальный исследовательский Томский политехнический университет (ТПУ)  |b Институт природных ресурсов (ИПР)  |b Кафедра бурения скважин (БС)  |3 (RuTPU)RU\TPU\col\18666 
801 2 |a RU  |b 63413507  |c 20230315  |g RCR 
856 4 |u http://www.lib.tpu.ru/fulltext/c/2013/C11/V2/110.pdf 
942 |c CF